[Event "Rilton Cup 2010-11"]
[Site "Stockholm SWE"]
[Date "2010.12.28"]
[Round "2"]
[White "Byklum, Bjornar"]
[Black "Palmblad, Jan Peter"]
[Result "1-0"]
[WhiteTitle "FM"]
[WhiteElo "2263"]
[BlackElo "2135"]
[WhiteFideId "1502123"]
[BlackFideId "1705512"]
[EventDate "2010.12.27"]

1. d4 d5 2. Nf3 e6 3. c4 c5 4. cxd5 exd5 5. Nc3 Nc6 6. dxc5 d4 7. Na4 b5 8. cxb6
axb6 9. e3 Bb4+ 10. Bd2 dxe3 11. Bxb4 Qxd1+ 12. Rxd1 Nxb4 13. Bb5+ Ke7 14. Nxb6
Ba6 15. Nd5+ Nxd5 16. Rxd5 Nf6 17. Re5+ Kd6 18. O-O Ng4 19. Rd1+ Kc7 20. Re7+
Kb6 21. Bxa6 exf2+ 22. Kf1 Rhd8 23. Be2 Rxd1+ 24. Bxd1 Rd8 25. Bc2 Rc8 26. h3 1-0

[Event "Rilton Cup 2010-11"]
[Site "Stockholm SWE"]
[Date "2010.12.28"]
[Round "2"]
[White "Logdahl, Harald"]
[Black "Bryntze, Stefan"]
[Result "1-0"]
[WhiteTitle "FM"]
[WhiteElo "2257"]
[BlackElo "2135"]
[WhiteFideId "1702734"]
[BlackFideId "1709100"]
[EventDate "2010.12.27"]

1. e4 c5 2. Nc3 Nc6 3. g3 e6 4. Bg2 Nf6 5. d3 d5 6. exd5 exd5 7. Bg5 Be7 8. Nge2
d4 9. Bxf6 Bxf6 10. Ne4 Be7 11. O-O f5 12. Nd2 g5 13. Nc4 O-O 14. f4 g4 15. Bxc6
bxc6 16. Ne5 Qd6 17. Nc1 Be6 18. Nb3 Kg7 19. Na5 Rac8 20. Re1 Rf6 21. Qe2 h5 22.
h4 gxh3 23. Kh2 Qd5 24. Rg1 Bf7 25. Nac4 Re6 26. Qf1 Bg6 27. Qxh3 Rh8 28. Rae1
Bf6 29. Rg2 Rhe8 30. Rge2 R6e7 31. a3 Qg8 32. Nd6 Rb8 33. Nxg6 Rxe2+ 34. Rxe2
Kxg6 35. Qxf5+ 1-0

[Event "Rilton Cup 2010-11"]
[Site "Stockholm SWE"]
[Date "2010.12.28"]
[Round "2"]
[White "Holving, Rasmus"]
[Black "Olund, Joar"]
[Result "1-0"]
[WhiteElo "2211"]
[BlackElo "2035"]
[WhiteFideId "1703145"]
[BlackFideId "1714848"]
[EventDate "2010.12.27"]

1. e4 g6 2. h4 c5 3. h5 Bg7 4. Nc3 Nc6 5. d3 gxh5 6. Nge2 d6 7. Nf4 Nf6 8. Ncd5
Bg4 9. Be2 Bxe2 10. Qxe2 Qd7 11. Nxf6+ Bxf6 12. Nxh5 O-O-O 13. c3 Rhg8 14. Bf4
Rxg2 15. Bg3 d5 16. exd5 Qxd5 17. Nf4 Qf5 1-0

[Event "Rilton Cup 2010-11"]
[Site "Stockholm SWE"]
[Date "2010.12.28"]
[Round "2"]
[White "Ask, Josef"]
[Black "Thiborg, Jesper"]
[Result "1-0"]
[WhiteElo "2205"]
[BlackElo "2020"]
[WhiteFideId "1704583"]
[BlackFideId "1711954"]
[EventDate "2010.12.27"]

1. e4 e6 2. d4 d5 3. Nd2 Nf6 4. e5 Nfd7 5. Bd3 c5 6. c3 Nc6 7. Ngf3 Be7 8. Qe2
Qc7 9. a3 a6 10. b4 cxd4 11. cxd4 a5 12. b5 Nxd4 13. Nxd4 Qc3 14. Rb1 Qxd4 15.
Bb2 Qb6 16. O-O Nc5 17. Bd4 Qd8 18. Bc2 a4 19. Qg4 g6 20. Nf3 h5 21. Qf4 g5 22.
Qe3 b6 23. Nd2 Rg8 24. f4 g4 25. Kh1 Bb7 26. f5 Bg5 27. Qf2 Qe7 28. Rfd1 h4 29.
Qe2 h3 30. g3 Ne4 31. f6 Qxa3 32. Ra1 Qb4 33. Nxe4 dxe4 34. Bxb6 e3+ 35. Kg1 Bd5
36. Rab1 Qc3 37. Bd4 Qc7 38. b6 Qb7 39. Qb5+ Bc6 40. Be4 Bxb5 41. Bxb7 Rb8 42.
Be4 e2 43. Re1 Bd2 44. Kf2 Bxe1+ 45. Kxe1 Ba6 46. Bc6+ Kd8 47. Bxa4 Bb7 48. Kxe2
Rg5 49. Bc2 Ra8 50. Rb2 Ra1 51. Ke3 Kd7 52. Bd3 Rg8 53. Rc2 Rh1 54. Rc7+ Kd8 55.
Rxb7 Rg5 56. Rb8+ Kd7 57. Bb5# 1-0

[Event "Rilton Cup 2010-11"]
[Site "Stockholm SWE"]
[Date "2010.12.29"]
[Round "3"]
[White "Macieja, Bartlomiej"]
[Black "Shimanov, Aleksandr"]
[Result "0-1"]
[WhiteTitle "GM"]
[BlackTitle "GM"]
[WhiteElo "2636"]
[BlackElo "2516"]
[WhiteFideId "1104306"]
[BlackFideId "4198603"]
[EventDate "2010.12.27"]

1. d4 Nf6 2. c4 g6 3. Nc3 Bg7 4. e4 O-O 5. h3 d6 6. Nf3 e5 7. d5 Nh5 8. g3 a5 9.
Nh2 Na6 10. Bg2 Qe8 11. Bf3 Nf6 12. Ng4 Nc5 13. Qe2 Bd7 14. Bg5 Nxg4 15. hxg4 c6
16. O-O-O Rc8 17. Kb1 f6 18. Be3 Rf7 19. Rd2 Rb8 20. dxc6 bxc6 21. Rxd6 Ne6 22.
Rc1 Bf8 23. Rd3 Bc5 24. Na4 Bd4 25. c5 Rb4 26. Qc2 Qb8 27. Rb3 Bxe3 28. fxe3 Ng5
29. Rxb4 axb4 30. Be2 Be6 31. Nb6 Ra7 32. Bc4 Kg7 33. Bxe6 Nxe6 34. Qc4 Ng5 35.
Qxb4 Qd8 36. a4 Qd3+ 37. Ka2 Qxe3 38. Rc4 Qxg3 39. Qd2 Qxg4 40. Qd6 Qe6 41. Ka3
Qe8 42. b4 Ne6 43. Rc1 Nd4 44. Kb2 h5 45. b5 h4 46. bxc6 Qxc6 47. Rd1 Qxe4 48.
Rd2 Qe3 49. Qxf6+ Kxf6 50. Nd5+ Kf5 51. Nxe3+ Ke4 52. Ng4 Rxa4 53. Kc3 Kd5 54.
Nf6+ Kxc5 55. Kd3 Kd6 56. Ne4+ Ke7 57. Rb2 Ra3+ 58. Kc4 Ke6 59. Rg2 h3 60. Rh2
Nf3 61. Rh1 h2 0-1

[Event "Rilton Cup 2010-11"]
[Site "Stockholm SWE"]
[Date "2010.12.29"]
[Round "3"]
[White "Smith, Axel"]
[Black "Gleizerov, Evgeny"]
[Result "1/2-1/2"]
[WhiteTitle "IM"]
[BlackTitle "GM"]
[WhiteElo "2448"]
[BlackElo "2572"]
[WhiteFideId "1707930"]
[BlackFideId "4101332"]
[EventDate "2010.12.27"]

1. Nf3 e6 2. g3 f5 3. Bg2 Nf6 4. O-O Be7 5. c4 O-O 6. d4 d5 7. Qc2 Ne4 8. b3 b6
9. Nbd2 Bb7 10. Bb2 Nd7 11. Ne1 c5 12. dxc5 bxc5 13. Nd3 1/2-1/2

[Event "Rilton Cup 2010-11"]
[Site "Stockholm SWE"]
[Date "2010.12.29"]
[Round "3"]
[White "Straeter, Timo"]
[Black "Tikkanen, Hans"]
[Result "0-1"]
[WhiteTitle "FM"]
[BlackTitle "IM"]
[WhiteElo "2325"]
[BlackElo "2550"]
[WhiteFideId "4621964"]
[BlackFideId "1706446"]
[EventDate "2010.12.27"]

1. d4 d5 2. c4 c6 3. e3 Bf5 4. cxd5 cxd5 5. Qb3 Qc8 6. Nc3 e6 7. Bd2 Nc6 8. Nf3
Bd6 9. Rc1 Nge7 10. Nh4 Bg6 11. Nxg6 hxg6 12. Be2 Nf5 13. g3 Qd7 14. Na4 Rb8 15.
Nc5 Qe7 16. Qa4 O-O 17. b4 e5 18. dxe5 Nxe5 19. O-O b6 20. Nb3 Nc4 21. b5 Nxd2
22. Nxd2 Nxe3 23. Rfe1 Bb4 24. Nf3 Bxe1 25. Rxe1 Nf5 26. Bf1 Qd6 27. g4 Ne7 28.
Qd4 Rbc8 29. Bd3 Rfe8 30. Kg2 Qf6 31. Re5 Rc5 32. Ng5 Rec8 33. Nf3 Qd6 34. h3 f6
35. Re3 g5 36. a4 Kf7 37. Qb2 Ng6 38. Bxg6+ Kxg6 39. Nd4 Qf4 40. Qb1+ Kf7 41.
Nf5 g6 42. Ne7 Rc2 43. Qe1 Re8 44. Nxd5 Rxe3 45. Nxe3 Qe4+ 46. Kg1 Rb2 0-1

[Event "Rilton Cup 2010-11"]
[Site "Stockholm SWE"]
[Date "2010.12.29"]
[Round "3"]
[White "Berczes, David"]
[Black "Jacobsen, Bo"]
[Result "1-0"]
[WhiteTitle "GM"]
[WhiteElo "2526"]
[BlackElo "2317"]
[WhiteFideId "722960"]
[BlackFideId "1400738"]
[EventDate "2010.12.27"]

1. d4 Nf6 2. Nf3 g6 3. c4 Bg7 4. Nc3 O-O 5. e4 d6 6. Be2 Bg4 7. Be3 Nfd7 8. Rc1
a6 9. O-O c5 10. d5 b5 11. b3 Qa5 12. Bd2 b4 13. Na4 Nb6 14. Nxb6 Qxb6 15. Ng5
Bxe2 16. Qxe2 h6 17. Nh3 Nd7 18. f4 e6 19. dxe6 fxe6 20. Qg4 Rf6 21. Be1 Nf8 22.
Bh4 Rf7 23. f5 exf5 24. exf5 gxf5 25. Rxf5 Rxf5 26. Qxf5 Re8 27. Qd5+ Kh8 28.
Rf1 Qb8 29. Qf7 Re6 30. Nf4 Qe8 31. Nxe6 Qxe6 32. Qxe6 Nxe6 33. Rf7 1-0

[Event "Rilton Cup 2010-11"]
[Site "Stockholm SWE"]
[Date "2010.12.29"]
[Round "3"]
[White "Holmsten, Aleksei"]
[Black "Berg, Emanuel"]
[Result "0-1"]
[WhiteTitle "IM"]
[BlackTitle "GM"]
[WhiteElo "2381"]
[BlackElo "2627"]
[WhiteFideId "500933"]
[BlackFideId "1704060"]
[EventDate "2010.12.27"]

1. e4 c5 2. Nf3 d6 3. d4 cxd4 4. Nxd4 Nf6 5. Nc3 a6 6. Be2 e5 7. Nf3 Be7 8. O-O
O-O 9. a4 Qc7 10. Be3 b6 11. Qd3 Bb7 12. Nd2 Nbd7 13. Bf3 Rac8 14. Rfd1 Rfd8 15.
Bg5 Nc5 16. Qe2 Ne6 17. Bxf6 Bxf6 18. Nf1 Nd4 19. Qd3 Bg5 20. Bg4 Rb8 21. Ne3
Bxe3 22. fxe3 Ne6 23. Nd5 Bxd5 24. exd5 Nc5 25. Qc3 Rb7 26. Be2 a5 27. Ra3 f5
28. Bd3 Qd7 29. Qc4 Rc8 30. Rc3 Rf8 31. b3 Qe7 32. Qb5 e4 33. Be2 Qe5 34. Qc4 f4
35. exf4 Rxf4 36. Qd4 Qf5 37. Rg3 Rf7 38. h3 h5 39. Qe3 Kh7 40. Re1 Qe5 41. Qc3
Qf5 42. Qd4 Rf6 43. Bb5 h4 44. Rge3 Rf2 45. Rc3 Qg5 46. Bf1 Rd2 47. Qe3 Rxf1+ 0-1

[Event "Rilton Cup 2010-11"]
[Site "Stockholm SWE"]
[Date "2010.12.29"]
[Round "3"]
[White "Luukkonen, Tommi"]
[Black "Semcesen, Daniel"]
[Result "0-1"]
[WhiteTitle "FM"]
[BlackTitle "IM"]
[WhiteElo "2309"]
[BlackElo "2449"]
[WhiteFideId "501808"]
[BlackFideId "1706993"]
[EventDate "2010.12.27"]

1. e4 e5 2. Nf3 Nc6 3. Bb5 a6 4. Ba4 Nf6 5. O-O Nxe4 6. d4 b5 7. Bb3 d5 8. dxe5
Be6 9. Nbd2 Nc5 10. c3 Bg4 11. Bc2 Ne6 12. h3 Bh5 13. Re1 Bc5 14. Nb3 Ba7 15. g4
Bg6 16. Bf5 O-O 17. h4 Ne7 18. Bxe6 fxe6 19. Be3 Bxe3 20. Rxe3 d4 21. Nbxd4 Nd5
22. Nxe6 Nxe3 23. Qxd8 Raxd8 24. fxe3 Rxf3 25. Nxd8 Rxe3 26. e6 Rg3+ 27. Kf2
Rxg4 28. e7 Rxh4 29. Re1 Be8 30. Kg3 Rh6 31. Re5 Rf6 32. Ne6 c6 33. Nd8 h6 34.
b4 g5 35. a4 bxa4 36. Ra5 Kg7 37. Rxa6 Rd6 38. c4 Kf6 39. c5 Rd3+ 40. Kf2 Kxe7
41. Nxc6+ Bxc6 42. Rxc6 Rb3 43. Rxh6 Rxb4 44. Ra6 Kd7 45. Kg3 Kc7 46. Kf3 Kb7
47. Ra5 Kc6 48. Kg3 Rd4 49. Kf3 Rc4 50. Kg3 Rb4 51. Kf3 Rc4 52. Kg3 Rc3+ 53. Kg4
a3 54. Kh5 Rg3 55. Kg6 Kd5 56. Kf5 Kc6 57. Kf6 Rc3 58. Ra4 Kb5 59. Ra8 g4 60. c6
Rxc6+ 0-1

[Event "Rilton Cup 2010-11"]
[Site "Stockholm SWE"]
[Date "2010.12.29"]
[Round "3"]
[White "Ulibin, Mikhail"]
[Black "Astrup, Kim"]
[Result "1/2-1/2"]
[WhiteTitle "GM"]
[WhiteElo "2552"]
[BlackElo "2274"]
[WhiteFideId "4101405"]
[BlackFideId "1501950"]
[EventDate "2010.12.27"]

1. d4 d6 2. Nf3 g6 3. e4 Nf6 4. Bd3 Bg7 5. O-O O-O 6. c3 Nbd7 7. e5 Nd5 8. e6
fxe6 9. Ng5 Rf6 10. Ne4 Rf5 11. Ng5 Rf6 12. Nd2 h6 13. Ngf3 Nf8 14. Ne4 Rf7 15.
Ng3 Bd7 16. Nh4 Rf6 17. Ne4 Rf7 18. Ng3 Rf6 19. Ne4 Rf7 20. f4 c5 21. dxc5 dxc5
22. Ng3 Rf6 23. Ne4 Rf7 24. Ng3 Rf6 25. Ne4 Rf7 1/2-1/2

[Event "Rilton Cup 2010-11"]
[Site "Stockholm SWE"]
[Date "2010.12.29"]
[Round "3"]
[White "Ivanov, Sergey"]
[Black "Byklum, Bjornar"]
[Result "1-0"]
[WhiteTitle "GM"]
[BlackTitle "FM"]
[WhiteElo "2536"]
[BlackElo "2263"]
[WhiteFideId "4101375"]
[BlackFideId "1502123"]
[EventDate "2010.12.27"]

1. d4 d5 2. Nf3 c5 3. c4 e6 4. cxd5 exd5 5. g3 Nf6 6. Bg2 Nc6 7. O-O Be7 8. Be3
c4 9. Ne5 O-O 10. b3 cxb3 11. Qxb3 Na5 12. Qa4 a6 13. Bd2 Nc4 14. Nxc4 b5 15.
Qa5 bxc4 16. Qxd8 Bxd8 17. Nc3 Bb7 18. Rab1 Bc6 19. Rfc1 Re8 20. Bg5 Ne4 21.
Nxe4 dxe4 22. Bxd8 Raxd8 23. Rb6 Bd5 24. Rxa6 Ra8 25. Rd6 Rad8 26. Rxd8 Rxd8 27.
g4 g6 28. g5 Ra8 29. Rc2 Ra3 30. f3 exf3 31. Bxf3 Bxf3 32. exf3 Rxf3 33. Rxc4
Ra3 34. Rc2 Rd3 35. a4 Rxd4 36. Ra2 f6 37. gxf6 Rd6 38. a5 Ra6 39. Kf2 Kf7 40.
Ke3 Kxf6 41. Kd4 g5 42. Kc5 Kf5 43. Kb5 Ra8 44. a6 h5 45. Ra4 g4 46. Kb6 h4 47.
a7 g3 48. h3 Re8 49. a8=Q Rxa8 50. Rxa8 Kf4 51. Ra4+ Kf3 52. Rxh4 Kg2 53. Rh8
Kh2 54. h4 1-0

[Event "Rilton Cup 2010-11"]
[Site "Stockholm SWE"]
[Date "2010.12.29"]
[Round "3"]
[White "Ostling, Hakan"]
[Black "Karlsson, Lars"]
[Result "1/2-1/2"]
[BlackTitle "GM"]
[WhiteElo "2207"]
[BlackElo "2466"]
[WhiteFideId "1708635"]
[BlackFideId "1700057"]
[EventDate "2010.12.27"]

1. f4 e6 2. Nf3 f5 3. d3 Nf6 4. g3 Bc5 5. Bg2 O-O 6. Nc3 a5 7. e3 d6 8. Qe2 Nc6
9. d4 Bb4 10. O-O Bxc3 11. bxc3 b6 12. Qc4 Qe8 13. Nd2 d5 14. Qa4 Ng4 15. Re1
Bd7 16. Qa3 Nf6 17. Bf1 h6 18. Qb3 a4 19. Qa3 Na5 20. Qb4 Qh5 21. Bg2 Ne4 22.
Nxe4 fxe4 23. Bf1 Nc6 24. Qb1 e5 25. Ba3 exf4 26. exf4 Rfe8 27. Re3 Na5 28. Qb4
Qf7 29. Rae1 Bc6 30. Rd1 Rad8 31. Qb1 Nc4 32. Bxc4 dxc4 33. Rd2 Rd5 34. Qf1 Rf5
35. Rf2 g5 36. fxg5 Rxf2 37. Qxf2 Qxf2+ 38. Kxf2 hxg5 39. h4 g4 40. Re2 Re6 41.
Ke3 Rf6 42. Rf2 Rf3+ 43. Rxf3 exf3 44. Be7 Be4 45. Bd8 Kf7 46. Bxc7 b5 47. Bf4
Kf6 48. Kf2 Bxc2 49. Bd2 Ke6 50. Ke3 Bg6 51. Be1 Kd5 52. a3 Bh5 53. Bf2 Bg6 54.
Kf4 Bf7 55. Kxg4 Ke4 56. h5 Bxh5+ 57. Kxh5 b4 58. cxb4 1/2-1/2

[Event "Rilton Cup 2010-11"]
[Site "Stockholm SWE"]
[Date "2010.12.29"]
[Round "3"]
[White "Blomqvist, Erik"]
[Black "Holving, Rasmus"]
[Result "1-0"]
[WhiteTitle "IM"]
[WhiteElo "2449"]
[BlackElo "2211"]
[WhiteFideId "1709437"]
[BlackFideId "1703145"]
[EventDate "2010.12.27"]

1. c4 e5 2. g3 h5 3. h3 d6 4. Nc3 Nc6 5. Nf3 Nge7 6. d3 Nd4 7. Bg2 c6 8. b4
Nxf3+ 9. Bxf3 Be6 10. b5 Qd7 11. bxc6 bxc6 12. Ne4 Nf5 13. Ng5 Nd4 14. Bg2 Bf5
15. e3 Ne6 16. Qa4 Nd8 17. e4 Bg6 18. Rb1 Be7 19. h4 f5 20. Bh3 O-O 21. Qd1 Qe8
22. exf5 Bxf5 23. Bxf5 Rxf5 24. g4 hxg4 25. Qxg4 Qg6 26. Qg2 Rc8 27. Qh3 d5 28.
Rb3 a5 29. h5 Qf6 30. Rg1 Bc5 31. Be3 a4 32. Rb1 Bxe3 33. Qxe3 Kh8 34. Rg2 Rf4
35. Qa7 e4 36. Qd7 Qc3+ 37. Kf1 Qxd3+ 38. Kg1 Qxb1+ 39. Kh2 Rf8 40. h6 Qb8+ 41.
Kh1 Qb1+ 42. Rg1 Qb2 43. Qxc8 gxh6 1-0

[Event "Rilton Cup 2010-11"]
[Site "Stockholm SWE"]
[Date "2010.12.29"]
[Round "3"]
[White "Akesson, Ralf"]
[Black "Ask, Josef"]
[Result "1-0"]
[WhiteTitle "GM"]
[WhiteElo "2434"]
[BlackElo "2205"]
[WhiteFideId "1700120"]
[BlackFideId "1704583"]
[EventDate "2010.12.27"]

1. Nf3 e6 2. g3 f5 3. Bg2 Nf6 4. O-O Be7 5. b3 O-O 6. Bb2 d6 7. d4 Ne4 8. Ne1
Bf6 9. Nd2 Nxd2 10. Qxd2 Qe7 11. Nd3 Nc6 12. e3 e5 13. Bxc6 bxc6 14. dxe5 dxe5
15. f4 exf4 16. Bxf6 Qxf6 17. exf4 Ba6 18. Rae1 c5 19. c4 Rad8 20. Qe3 Bb7 21.
Nxc5 Rfe8 22. Qxe8+ Rxe8 23. Rxe8+ Kf7 24. Rf8+ 1-0

[Event "Rilton Cup 2010-11"]
[Site "Stockholm SWE"]
[Date "2010.12.29"]
[Round "3"]
[White "Eriksson, Jorgen"]
[Black "Souleidis, Georgios"]
[Result "1/2-1/2"]
[BlackTitle "IM"]
[WhiteElo "2202"]
[BlackElo "2411"]
[WhiteFideId "1701967"]
[BlackFideId "4206827"]
[EventDate "2010.12.27"]

1. d4 g6 2. e4 Bg7 3. c3 d6 4. Nf3 Nf6 5. Nbd2 O-O 6. Be2 c6 7. a4 Bg4 8. O-O
Nbd7 9. h3 Bxf3 10. Bxf3 Qc7 11. Re1 Rfe8 12. Nf1 e5 13. dxe5 dxe5 14. Be3 Nf8
15. Qb3 Ne6 16. g3 h5 17. h4 Kh7 18. Rad1 Bh6 19. Qc4 Bxe3 20. Nxe3 a5 21. Rd2
Kg7 22. Qb3 Nc5 23. Qc2 Qb6 24. Nc4 Qb3 25. Qxb3 Nxb3 26. Rdd1 Nc5 27. Ra1 Re7
28. Nb6 Ra6 29. Nc4 Nfd7 30. Bd1 Nb6 31. Nd2 Ra8 32. Bc2 Rd7 33. Re2 f6 34. b3
Rad8 35. Nf1 Ne6 36. Ree1 Kf7 37. Red1 Nc5 38. Rxd7+ Rxd7 39. f3 Na6 40. Kf2 Ke7
41. Ke2 Nc5 42. Ne3 Ne6 43. Rf1 1/2-1/2

[Event "Rilton Cup 2010-11"]
[Site "Stockholm SWE"]
[Date "2010.12.29"]
[Round "3"]
[White "Lindgren, Philip"]
[Black "Lindberg, Bosse"]
[Result "1/2-1/2"]
[WhiteElo "2091"]
[BlackElo "2404"]
[WhiteFideId "1713230"]
[BlackFideId "1705997"]
[EventDate "2010.12.27"]

1. d4 Nf6 2. c4 c5 3. d5 g6 4. Nc3 Bg7 5. e4 d6 6. Nf3 O-O 7. Be2 Bg4 8. O-O Na6
9. Be3 Nc7 10. h3 Bxf3 11. Bxf3 Rb8 12. Be2 a6 13. a4 b6 14. Qd2 e6 15. dxe6
Nxe6 16. Rad1 Rb7 17. Qxd6 Rd7 18. Qc6 Nd4 19. Bxd4 cxd4 20. e5 dxc3 21. exf6
Rxd1 22. Bxd1 cxb2 23. fxg7 b1=Q 24. gxf8=Q+ Qxf8 25. Bf3 Qb2 26. Bd5 Kg7 27.
Qb7 Qe8 28. Qxa6 Qb4 29. Qb5 Qexb5 30. axb5 Qc3 31. g3 g5 32. Kg2 h5 33. f4 g4
34. h4 f5 35. Rf2 Qe3 36. Rf1 Kf6 37. Rf2 Ke7 38. Rf1 Kd6 39. Rf2 Kc5 40. Rf1
Kd4 41. Rf2 Kd3 42. Ra2 Qe7 43. Kh2 Qb4 44. Rg2 Ke3 45. Be6 Qb1 46. Bf7 Qf1 47.
Bd5 Kd4 48. Be6 Kc5 49. Bd5 Kd6 50. Bf7 Ke7 51. Bg8 Kf8 52. Be6 Kg7 53. Bd5 Kf6 1/2-1/2

[Event "Rilton Cup 2010-11"]
[Site "Stockholm SWE"]
[Date "2010.12.29"]
[Round "3"]
[White "Bellon Lopez, Juan Manuel"]
[Black "Kopasov, Alexander"]
[Result "1-0"]
[WhiteTitle "GM"]
[WhiteElo "2394"]
[BlackElo "2198"]
[WhiteFideId "2200031"]
[BlackFideId "24106623"]
[EventDate "2010.12.27"]

1. d4 e6 2. Nf3 Nf6 3. Bg5 c5 4. e3 h6 5. Bxf6 Qxf6 6. Nbd2 cxd4 7. exd4 b6 8.
c3 Bb7 9. Bd3 g5 10. O-O Be7 11. Ne5 Nc6 12. Re1 d6 13. Qa4 Rc8 14. Ba6 Ba8 15.
Ne4 Qg7 16. Nxd6+ Bxd6 17. Bxc8 O-O 18. Nxf7 Kxf7 19. Bxe6+ Kg6 20. Qc2+ Kh5 21.
Bg4+ Kh4 22. f3 Qc7 23. Re5 Bxe5 24. dxe5 1-0

[Event "Rilton Cup 2010-11"]
[Site "Stockholm SWE"]
[Date "2010.12.29"]
[Round "3"]
[White "Lokander, Martin"]
[Black "Leer-Salvesen, Bjarte"]
[Result "0-1"]
[BlackTitle "IM"]
[WhiteElo "1982"]
[BlackElo "2360"]
[WhiteFideId "1709569"]
[BlackFideId "1501496"]
[EventDate "2010.12.27"]

1. d4 d5 2. c4 e6 3. Nc3 c6 4. Nf3 dxc4 5. a4 Bb4 6. e3 b5 7. Bd2 a5 8. axb5
Bxc3 9. Bxc3 cxb5 10. b3 Bb7 11. d5 Nf6 12. bxc4 b4 13. Bxf6 Qxf6 14. Qa4+ Ke7
15. Nd4 e5 16. Qb5 exd4 17. Qxb7+ Nd7 18. c5 Rhb8 19. d6+ Ke8 20. Qe4+ Kf8 21.
c6 dxe3 22. Qe7+ Qxe7 23. dxe7+ Kxe7 24. cxd7 exf2+ 25. Kxf2 Kxd7 26. Ra4 Kc6
27. Bd3 Kb6 28. Re1 Re8 29. Re3 Rac8 30. Ke2 g6 31. Kd2 Rxe3 32. Kxe3 Rc1 33.
Ra2 f5 34. g3 Rc5 35. Kd4 Rc1 36. Ke3 Rc8 37. h4 Rc3 38. Ke2 Rc5 39. Ke3 Re5+
40. Kd2 Kc6 41. Ra1 Kd6 42. Bc4 Re4 43. Bd3 Re5 44. Bc4 Ke7 45. Kd3 Kf6 46. Kd4
Re4+ 47. Kd5 Re3 48. Kc5 Rxg3 49. Rxa5 Rh3 50. Kxb4 Rxh4 51. Kc3 h5 52. Ra6+ Kg7
53. Bd5 Rg4 54. Kd3 h4 55. Ke3 Kh6 56. Bf7 h3 57. Ra2 Kg5 58. Rh2 Kh4 59. Kf3 g5
60. Bd5 Rd4 61. Be6 Rf4+ 0-1

[Event "Rilton Cup 2010-11"]
[Site "Stockholm SWE"]
[Date "2010.12.29"]
[Round "3"]
[White "Getz, Nicolai"]
[Black "Azizi, Haroon"]
[Result "1-0"]
[WhiteElo "2317"]
[BlackElo "2140"]
[WhiteFideId "1505572"]
[BlackFideId "1705687"]
[EventDate "2010.12.27"]

1. e4 Nf6 2. e5 Nd5 3. c4 Nb6 4. d4 d6 5. exd6 cxd6 6. Nc3 g6 7. Be3 Bg7 8. Rc1
O-O 9. b3 Nc6 10. d5 Ne5 11. Be2 f5 12. f4 Nf7 13. Nf3 Nd7 14. Nd4 Qa5 15. Qd2
Nc5 16. O-O Bd7 17. Bf3 Nh6 18. h3 a6 19. Rb1 Qc7 20. b4 Na4 21. Nxa4 Bxa4 22.
Ne6 Qxc4 23. Rfc1 Qb5 24. Bd4 Bf6 25. Nxf8 Rxf8 26. Bxf6 exf6 27. Qd4 Qd7 28.
Re1 Kg7 29. Re6 Ng8 30. Qb6 Rd8 31. Rc1 Rc8 32. Rxc8 Qxc8 33. Qxd6 Qc4 34. Kh2
h5 35. h4 Qxa2 36. Qc7+ Kh8 37. Re2 Qa3 38. Qxb7 Bb5 39. Rc2 Qxb4 40. g3 Ne7 41.
Bg2 Kg7 42. Rc7 Kf7 43. Qb6 g5 44. Qe6+ 1-0

[Event "Rilton Cup 2010-11"]
[Site "Stockholm SWE"]
[Date "2010.12.29"]
[Round "3"]
[White "Groetz, Harald"]
[Black "Nielsen, Rogvi Egilstoft"]
[Result "1-0"]
[WhiteTitle "IM"]
[WhiteElo "2314"]
[BlackElo "2116"]
[WhiteFideId "1605607"]
[BlackFideId "7200447"]
[EventDate "2010.12.27"]

1. e4 e5 2. Nf3 Nc6 3. Bb5 f5 4. d3 Nf6 5. O-O Bc5 6. Qe2 O-O 7. Bxc6 bxc6 8.
exf5 d6 9. d4 exd4 10. Nxd4 Bxd4 11. Qc4+ Kh8 12. Qxd4 Bxf5 13. c4 c5 14. Qh4
Qe8 15. Be3 Ng4 16. Re1 Qf7 17. h3 Ne5 18. b3 Rae8 19. Nc3 Re6 20. Bd2 Rg6 21.
Kh1 Bd7 22. f4 Bc6 23. Re2 Nd3 24. Rf1 Qf5 25. Kh2 Qd7 26. Nd5 Bxd5 27. cxd5
Rgf6 28. Rf3 Qf5 29. Re7 Rg6 30. Bc3 Ne5 31. Bxe5 dxe5 32. Rxe5 Qc2 33. Qf2 Qc1
34. Re1 Qa3 35. Rfe3 Rgf6 36. Re8 Qb4 37. R1e4 Qb6 38. Rxf8+ Rxf8 39. Rc4 Qh6
40. Qxc5 Rxf4 1-0

[Event "Rilton Cup 2010-11"]
[Site "Stockholm SWE"]
[Date "2010.12.29"]
[Round "3"]
[White "Arman, Deniz"]
[Black "Hedstrom, Johan"]
[Result "1/2-1/2"]
[WhiteElo "2297"]
[BlackElo "2043"]
[WhiteFideId "6302106"]
[BlackFideId "1714813"]
[EventDate "2010.12.27"]

1. Nf3 g6 2. e4 c6 3. d4 d5 4. Nc3 dxe4 5. Nxe4 Bg7 6. Bc4 Nf6 7. Nxf6+ Bxf6 8.
c3 O-O 9. Bh6 Bg7 10. Qd2 b5 11. Bb3 a5 12. a3 Qd6 13. Bxg7 Kxg7 14. h4 Be6 15.
Bc2 h5 16. Ng5 Bd5 17. f3 Nd7 18. O-O Qg3 19. Qf2 Qxf2+ 20. Kxf2 c5 21. Be4 Bxe4
22. fxe4 cxd4 23. cxd4 Rac8 24. Kg3 Rc4 25. Rad1 Nf6 26. Rd3 Nh7 27. Nf3 Rc2 28.
Rb3 Rb8 29. Rf2 Rxf2 30. Kxf2 b4 31. axb4 a4 32. Ra3 Rxb4 33. Ke3 Rxb2 34. Rxa4
Rxg2 35. Ra7 Kf8 36. Ra8+ Kg7 37. Ra7 Kf8 38. e5 g5 39. d5 gxh4 40. Nxh4 Rg3+
41. Ke2 Rg5 42. Nf3 Rf5 43. Ke3 Ng5 44. Nxg5 Rxg5 45. Ra8+ Kg7 46. Kd4 Rg1 47.
Re8 h4 48. d6 exd6 49. exd6 h3 50. Re2 Rg2 51. Re3 h2 52. Rh3 Kf6 53. Rh6+ Kg5
54. Rh7 Kg6 55. Rh8 Kf5 56. Kd5 Kf4 57. d7 Rd2+ 58. Kc6 f5 59. Rxh2 Rxd7 60.
Kxd7 Kg3 61. Rh8 f4 62. Rg8+ Kf2 63. Ke6 f3 64. Kf5 Ke1 65. Re8+ Kd1 66. Rd8+
Ke2 67. Re8+ Kd1 68. Ra8 f2 69. Ke4 f1=Q 70. Ra1+ Ke2 71. Rxf1 Kxf1 1/2-1/2

[Event "Rilton Cup 2010-11"]
[Site "Stockholm SWE"]
[Date "2010.12.29"]
[Round "3"]
[White "Thompson, Ian D"]
[Black "Johansson, Linus"]
[Result "1-0"]
[WhiteTitle "FM"]
[WhiteElo "2264"]
[BlackElo "1966"]
[WhiteFideId "405205"]
[BlackFideId "1711113"]
[EventDate "2010.12.27"]

1. c4 Nf6 2. Nc3 c5 3. g3 e6 4. Nf3 b6 5. Bg2 Bb7 6. O-O a6 7. Re1 d6 8. e4 Qc7
9. b3 Nbd7 10. Bb2 Be7 11. d4 cxd4 12. Nxd4 O-O 13. Qe2 Rfe8 14. Rad1 Bf8 15.
Nc2 Rac8 16. Ne3 Qb8 17. f3 Bc6 18. Bf1 Ne5 19. a4 Nfd7 20. f4 Ng6 21. b4 a5 22.
b5 Bb7 23. Qc2 Nc5 24. Bg2 Be7 25. h4 Qa8 26. Ng4 h5 27. Nf2 Nf8 28. Qe2 g6 29.
g4 d5 30. gxh5 Nxe4 31. Ncxe4 dxe4 32. Bxe4 Bxh4 33. hxg6 fxg6 34. Bxb7 Qxb7 35.
Ne4 Red8 36. Bf6 Bxf6 37. Nxf6+ Kf7 38. Ng4 Qe7 39. Ne5+ Kg7 40. Rxd8 Rxd8 41.
Qf2 Qa3 42. Qg2 Qc3 43. Rf1 Qe3+ 44. Qf2 Qc3 45. Qf3 Qxf3 46. Rxf3 Rd1+ 47. Kf2
Nd7 48. Nxd7 Rxd7 49. Ke2 Rd4 50. c5 Rxa4 51. c6 Rc4 52. Rd3 Rc5 53. Ke3 Kf6 54.
Ke4 Rc4+ 55. Ke3 Ke7 56. Rd7+ Kf6 57. Rb7 a4 58. Rxb6 a3 59. Ra6 Rc5 60. Kd4 Rc1
61. Rxa3 Ke7 62. Rc3 Rd1+ 63. Kc5 Kd8 64. Kb6 Kc8 65. Rg3 1-0